| 000 | 00459nam a2200145Ia 4500 | ||
|---|---|---|---|
| 008 | 230917s9999||||xx |||||||||||||| ||und|| | ||
| 040 |
_e173546 _aMAIN |
||
| 041 | _aEnglish | ||
| 082 | _a891.433721 GR237A | ||
| 100 | _aगौड़, रमेश | ||
| 245 | 0 | _aअमीर अली ठग की आपबीती | |
| 260 |
_aनई दिल्ली _bपी के पब्लिकेशन्स _c1970 |
||
| 300 | _a199 पृ. p. | ||
| 942 | _cHN | ||
| 999 |
_c113097 _d113097 |
||